<?xml version="1.0" encoding="UTF-8"?>
<collection xmlns="http://www.loc.gov/MARC21/slim">
 <record>
  <leader>02176pam a22002658a 4500</leader>
  <controlfield tag="001">00022604</controlfield>
  <controlfield tag="005">20171026081023.0</controlfield>
  <controlfield tag="008">110601s2007                  ||||||Viesd</controlfield>
  <datafield tag="041" ind1="0" ind2="#">
   <subfield code="a">Vie</subfield>
  </datafield>
  <datafield tag="082" ind1="1" ind2="4">
   <subfield code="a">707</subfield>
   <subfield code="b">GI108TR</subfield>
  </datafield>
  <datafield tag="100" ind1="0" ind2="#">
   <subfield code="a">Trần Tiểu Lâm</subfield>
  </datafield>
  <datafield tag="245" ind1="0" ind2="0">
   <subfield code="a">Giáo trình mĩ thuật học</subfield>
   <subfield code="b">Sách dành cho cao đẳng sư phạm</subfield>
   <subfield code="c">Trần Tiểu Lâm, Phạm Thị Chỉnh</subfield>
  </datafield>
  <datafield tag="260" ind1="#" ind2="#">
   <subfield code="a">H.</subfield>
   <subfield code="b">Đại học sư phạm</subfield>
   <subfield code="c">2007</subfield>
  </datafield>
  <datafield tag="300" ind1="#" ind2="#">
   <subfield code="a">168 tr.</subfield>
   <subfield code="c">24 cm.</subfield>
  </datafield>
  <datafield tag="500" ind1="#" ind2="#">
   <subfield code="a">ĐBS ghi: Bộ GD và ĐT. Dự án đào tạo giáo viên THCS</subfield>
  </datafield>
  <datafield tag="653" ind1="#" ind2="#">
   <subfield code="a">Giáo trình</subfield>
  </datafield>
  <datafield tag="653" ind1="#" ind2="#">
   <subfield code="a">Mĩ thuật học</subfield>
  </datafield>
  <datafield tag="653" ind1="#" ind2="#">
   <subfield code="a">Mĩ thuật</subfield>
  </datafield>
  <datafield tag="700" ind1="0" ind2="#">
   <subfield code="a">Phạm Thị Chỉnh</subfield>
  </datafield>
  <datafield tag="852" ind1="#" ind2="#">
   <subfield code="b">Kho giáo trình</subfield>
   <subfield code="j">KGT.0014094, KGT.0014095, KGT.0014096, KGT.0014097, KGT.0014098, KGT.0014099, KGT.0014100, KGT.0014101, KGT.0014102, KGT.0014103, KGT.0014104, KGT.0014105, KGT.0014106, KGT.0014107, KGT.0014108, KGT.0014109, KGT.0014110, KGT.0014111, KGT.0014112, KGT.0014113, KGT.0014114, KGT.0014115, KGT.0014116, KGT.0014117, KGT.0014118, KGT.0014119, KGT.0014120, KGT.0014121, KGT.0014122, KGT.0014123, KGT.0014124, KGT.0014125, KGT.0014126, KGT.0014127, KGT.0014128, KGT.0014129, KGT.0014130, KGT.0014131, KGT.0014132, KGT.0014133, KGT.0014134, KGT.0014135, KGT.0014136, KGT.0014137, KGT.0033179, KGT.0033332, KGT.0033522</subfield>
  </datafield>
  <datafield tag="852" ind1="#" ind2="#">
   <subfield code="b">Kho mượn</subfield>
   <subfield code="j">KGT.0014098</subfield>
  </datafield>
  <datafield tag="852" ind1="#" ind2="#">
   <subfield code="j">KGT.0014095</subfield>
   <subfield code="j">KGT.0014097</subfield>
   <subfield code="j">KGT.0014098</subfield>
   <subfield code="j">KGT.0014100</subfield>
   <subfield code="j">KGT.0014101</subfield>
   <subfield code="j">KGT.0014103</subfield>
   <subfield code="j">KGT.0014104</subfield>
   <subfield code="j">KGT.0014106</subfield>
   <subfield code="j">KGT.0014107</subfield>
   <subfield code="j">KGT.0014109</subfield>
   <subfield code="j">KGT.0014110</subfield>
   <subfield code="j">KGT.0014112</subfield>
   <subfield code="j">KGT.0014114</subfield>
   <subfield code="j">KGT.0014115</subfield>
   <subfield code="j">KGT.0014117</subfield>
   <subfield code="j">KGT.0014119</subfield>
   <subfield code="j">KGT.0014120</subfield>
   <subfield code="j">KGT.0014121</subfield>
   <subfield code="j">KGT.0014123</subfield>
   <subfield code="j">KGT.0014124</subfield>
   <subfield code="j">KGT.0014126</subfield>
   <subfield code="j">KGT.0014127</subfield>
   <subfield code="j">KGT.0014129</subfield>
   <subfield code="j">KGT.0014130</subfield>
   <subfield code="j">KGT.0014132</subfield>
   <subfield code="j">KGT.0014133</subfield>
   <subfield code="j">KGT.0014135</subfield>
   <subfield code="j">KGT.0014137</subfield>
   <subfield code="j">KGT.0033332</subfield>
   <subfield code="j">KGT.0033522</subfield>
   <subfield code="j">KD.0009081</subfield>
   <subfield code="j">KGT.0033179</subfield>
   <subfield code="j">KGT.0014094</subfield>
   <subfield code="j">KGT.0014096</subfield>
   <subfield code="j">KGT.0014099</subfield>
   <subfield code="j">KGT.0014102</subfield>
   <subfield code="j">KGT.0014105</subfield>
   <subfield code="j">KGT.0014108</subfield>
   <subfield code="j">KGT.0014111</subfield>
   <subfield code="j">KGT.0014113</subfield>
   <subfield code="j">KGT.0014116</subfield>
   <subfield code="j">KGT.0014118</subfield>
   <subfield code="j">KGT.0014122</subfield>
   <subfield code="j">KGT.0014125</subfield>
   <subfield code="j">KGT.0014128</subfield>
   <subfield code="j">KGT.0014131</subfield>
   <subfield code="j">KGT.0014134</subfield>
   <subfield code="j">KGT.0014136</subfield>
  </datafield>
  <datafield tag="852" ind1="#" ind2="#">
   <subfield code="b">Kho đọc</subfield>
   <subfield code="j">KD.0009081</subfield>
  </datafield>
  <datafield tag="910" ind1="0" ind2="#">
   <subfield code="a">kìm</subfield>
   <subfield code="d">01/06/2011</subfield>
  </datafield>
  <datafield tag="980" ind1="#" ind2="#">
   <subfield code="a">Trung tâm Học liệu Lê Vũ Hùng, Trường Đại học Đồng Tháp</subfield>
  </datafield>
 </record>
</collection>
